Detalles MARC
| 000 -LEADER |
| campo de control de longitud fija |
02599nam a2200361 i 4500 |
| 003 - IDENTIFICADOR DE NÚMERO DE CONTROL |
| campo de control |
peliumch |
| 005 - FECHA Y HORA DE LA ÚLTIMA TRANSACCIÓN |
| campo de control |
20260304124820.0 |
| 007 - CAMPO FIJO DE DESCRIPCIÓN FÍSICA--INFORMACIÓN GENERAL |
| campo de control de longitud fija |
ta |
| 008 - DATOS DE LONGITUD FIJA--INFORMACIÓN GENERAL |
| campo de control de longitud fija |
260304b |||||||| |||| 00| 0 eng d |
| 020 ## - NÚMERO INTERNACIONAL ESTÁNDAR DEL LIBRO |
| Número Internacional Estándar del Libro |
9789879867839 |
| 040 ## - FUENTE DE CATALOGACIÓN |
| Centro catalogador/agencia de origen |
UMCH |
| Lengua de catalogación |
spa |
| Centro/agencia transcriptor |
UMCH |
| Centro/agencia modificador |
jmr |
| Normas de descripción |
rda |
| 041 0# - CÓDIGO DE IDIOMA |
| Código de lengua del texto/banda sonora o título independiente |
spa |
| 043 ## - CÓDIGO DE ÁREA GEOGRÁFICA |
| Código de área geográfica |
s-pe--- |
| 082 ## - NÚMERO DE LA CLASIFICACIÓN DECIMAL DEWEY |
| Número de clasificación |
68.3124/W78 |
| 100 1# - ENTRADA PRINCIPAL--NOMBRE DE PERSONA |
| Nombre de persona |
Wolk, Leonardo |
| Término indicativo de función/relación |
autor |
| 245 ## - MENCIÓN DEL TÍTULO |
| Título |
Coachin : |
| Resto del título |
el arte de soplar brasas en acción / |
| Mención de responsabilidad, etc. |
Leonardo Wolk |
| 250 ## - MENCION DE EDICION |
| Mención de edición |
Primera edición. |
| 264 #1 - PRODUCCIÓN, PUBLICACIÓN, DISTRIBUCIÓN, FABRICACIÓN Y COPYRIGHT |
| Producción, publicación, distribución, fabricación y copyright |
Buenos Aires, Argentina ; |
| Nombre del de productor, editor, distribuidor, fabricante |
Gran Aldea Edit. |
| Fecha de producción, publicación, distribución, fabricación o copyright |
2003 |
| 264 #4 - PRODUCCIÓN, PUBLICACIÓN, DISTRIBUCIÓN, FABRICACIÓN Y COPYRIGHT |
| Fecha de producción, publicación, distribución, fabricación o copyright |
©2003 |
| 300 ## - DESCRIPCIÓN FÍSICA |
| Extensión |
223 páginas ; |
| Dimensiones |
22 cm |
| 500 ## - NOTA GENERAL |
| Nota general |
HE VISTO E INTERACTUADO A LO LARGO DE AÑOS CON PERSONAS INTELIGENTES, BRILLANTES, EXCELENTES PROFESIONALES Y EXPERTOS EN SU RESPECTIVA TAREA, QUE ME HAN CONSULTADO AL SENTIRSE ATRAPADOS, DESMOTIVADOS Y CON SENTIMIENTOS DE INCOMPETENCIA ANTE CIRCUNSTANCIAS DIFICILES O ALTERNATIVAS RIESGOSAS. UNO DE MIS PRIMEROS INTERROGANTES COMO COACH ES PREGUNTARLES COMO SE VEIAN EN SUS INICIOS PROFESIONALES, QUE SUEÑOS TENIAN. MUCHAS VECES OBSERVO COMO UN FUEGO SAGRADO, OJOS QUE SE ILUMINAN COMO BRASAS DE ILUSION. Y PIENSO: ¡ESO NO SE PERDIO! ¡ESTA! CASI APAGADO... ¡PERO ESTA! EL CONOCIMIENTO, LA PASION, AUN PERDURAN. SE TRATA ENTONCES DE RECORDAR; PARA ELLO, EN UNA PRIMERA DEFINICION POETICA Y ESPIRITUAL DEFINO AL COACH COMO UN SOPLADOR DE BRASAS. COMO UN SOCIO FACILITADOR DEL APRENDIZAJE, QUE ACOMPAÑA AL OTRO EN UNA BUSQUEDA DE SU CAPACIDAD DE APRENDER PARA GENERAR NUEVAS RESPUESTAS A SITUACIONES QUE ENFRENTA EN LOS DIVERSOS AMBITOS DE SU VIDA. |
| 504 ## - NOTA DE BIBLIOGRAFÍA, ETC. |
| Nota de bibliografía, etc. |
Bibliografía : páginas 201-202 |
| 505 0# - NOTA DE CONTENIDO CON FORMATO |
| Información miscelánea |
Capítulo I : |
| Título |
El arte d e soplar brasas-- |
| Información miscelánea |
Capítulo II : |
| Título |
Ideas fundacionales: aprendizaje y responsabilidad-- |
| Información miscelánea |
Capítulo III : |
| Título |
Aprendizaje transformacional-- |
| Información miscelánea |
Capítulo IV : |
| Título |
Lenguaje . Procesos y herramientas conversacionales-- |
| Información miscelánea |
Capítulo V : |
| Título |
Proceso del coaching. Teoría y técnica de la práctica-- |
| Información miscelánea |
Capítulo VI : |
| Título |
Elocuencia del cuerpo. El lenguaje corporal-- |
| Información miscelánea |
Capítulo VII : |
| Título |
El lengnaje de las emociones-- |
| Información miscelánea |
Capítulo VIII : |
| Título |
Procedimientos y técnicas de acción-- |
| Información miscelánea |
Capítulo IX : |
| Título |
Ética en el coaching-- |
| Información miscelánea |
Capítulo X : |
| Título |
Carta abierta para las nuevas generaciones de coaches. |
| 521 ## - NOTA DE PÚBLICO DESTINATARIO |
| Nota de público destinatario |
Recomendado para un público en general. |
| 650 14 - PUNTO DE ACCESO ADICIONAL DE MATERIA--TÉRMINO DE MATERIA |
| Término de materia o nombre geográfico como elemento de entrada |
Gestión - |
| Subdivisión general |
Liderazgo y motivación |
| 650 24 - PUNTO DE ACCESO ADICIONAL DE MATERIA--TÉRMINO DE MATERIA |
| Término de materia o nombre geográfico como elemento de entrada |
Decisiones - |
| Subdivisión general |
Gestión de empresas |
| 650 24 - PUNTO DE ACCESO ADICIONAL DE MATERIA--TÉRMINO DE MATERIA |
| Término de materia o nombre geográfico como elemento de entrada |
Empresa |
| 942 ## - ELEMENTOS DE ENTRADA SECUNDARIOS (KOHA) |
| Fuente del sistema de clasificación o colocación |
Clasificación Decimal Dewey |
| Tipo de ítem Koha |
Libros |
| Suprimir en OPAC |
No |